000 00519nam a2200181 a 4500
005 20240807063758.0
008 991125s1968 mx 000 0 spa u
035 _aUPN01000005845
049 _aCG
050 4 _aQH315
_bO5.2
100 1 _aOndarza, Raúl N.
_929780
245 1 0 _aBiología moderna /
_cpor Raúl N. Ondarza.
260 _aMéxico :
_bSiglo XXI,
_c1968.
300 _a330 p. :
_bfigs., tablas
440 0 _aNueva ciencia-nueva técnica
650 4 _aBiología
_xEstudio y enseñanza
_94241
905 _aLibro
999 _c5845
_d5845